<?xml version="1.0" encoding="UTF-8"?>
<record
    xmlns:xsi="http://www.w3.org/2001/XMLSchema-instance"
    xsi:schemaLocation="http://www.loc.gov/MARC21/slim http://www.loc.gov/standards/marcxml/schema/MARC21slim.xsd"
    xmlns="http://www.loc.gov/MARC21/slim">

  <leader>00449nam a2200157Ia 4500</leader>
  <controlfield tag="008">230314s9999    xx            000 0 und d</controlfield>
  <datafield tag="020" ind1=" " ind2=" ">
    <subfield code="a">978-93-87963-72-6</subfield>
  </datafield>
  <datafield tag="041" ind1=" " ind2=" ">
    <subfield code="a">eng</subfield>
  </datafield>
  <datafield tag="082" ind1=" " ind2=" ">
    <subfield code="a">MS/610.7361/SHA/B09093</subfield>
  </datafield>
  <datafield tag="100" ind1=" " ind2=" ">
    <subfield code="a">Sharma Suresh &amp; Madhavi S</subfield>
    <subfield code="9">180008</subfield>
  </datafield>
  <datafield tag="245" ind1=" " ind2=" ">
    <subfield code="a">Brunner and Suddarhs Textbook of Medical Surgical Nursing</subfield>
  </datafield>
  <datafield tag="260" ind1=" " ind2=" ">
    <subfield code="b">Wolters Kluwer</subfield>
    <subfield code="a">Haryana</subfield>
    <subfield code="c">2018</subfield>
  </datafield>
  <datafield tag="300" ind1=" " ind2=" ">
    <subfield code="a">2186p</subfield>
  </datafield>
  <datafield tag="906" ind1=" " ind2=" ">
    <subfield code="b">BSC</subfield>
  </datafield>
  <datafield tag="999" ind1=" " ind2=" ">
    <subfield code="c">142247</subfield>
    <subfield code="d">142247</subfield>
  </datafield>
  <datafield tag="952" ind1=" " ind2=" ">
    <subfield code="0">0</subfield>
    <subfield code="1">0</subfield>
    <subfield code="4">0</subfield>
    <subfield code="7">0</subfield>
    <subfield code="8">MS</subfield>
    <subfield code="a">BTIN</subfield>
    <subfield code="b">BTIN</subfield>
    <subfield code="d">2022-01-21</subfield>
    <subfield code="e">Patil Medical Book House</subfield>
    <subfield code="g">2995.00</subfield>
    <subfield code="i">10500</subfield>
    <subfield code="l">20</subfield>
    <subfield code="m">13</subfield>
    <subfield code="o">MS 610.7361 SHA B09678</subfield>
    <subfield code="p">BTIN-BK-9678</subfield>
    <subfield code="r">2026-01-27 09:16:37</subfield>
    <subfield code="s">2026-01-12</subfield>
    <subfield code="v">823.63</subfield>
    <subfield code="w">2019-03-29</subfield>
    <subfield code="y">BK</subfield>
    <subfield code="z">B09678</subfield>
  </datafield>
  <datafield tag="952" ind1=" " ind2=" ">
    <subfield code="0">0</subfield>
    <subfield code="1">0</subfield>
    <subfield code="4">0</subfield>
    <subfield code="7">0</subfield>
    <subfield code="8">MS</subfield>
    <subfield code="a">BTIN</subfield>
    <subfield code="b">BTIN</subfield>
    <subfield code="d">2022-01-21</subfield>
    <subfield code="e">Patil Medical Book House</subfield>
    <subfield code="g">2995.00</subfield>
    <subfield code="i">10500</subfield>
    <subfield code="l">28</subfield>
    <subfield code="m">19</subfield>
    <subfield code="o">MS 610.7361 SHA B09679</subfield>
    <subfield code="p">BTIN-BK-9679</subfield>
    <subfield code="r">2025-11-03 16:23:54</subfield>
    <subfield code="s">2025-10-27</subfield>
    <subfield code="v">823.63</subfield>
    <subfield code="w">2019-03-29</subfield>
    <subfield code="y">BK</subfield>
    <subfield code="z">B09679</subfield>
  </datafield>
  <datafield tag="952" ind1=" " ind2=" ">
    <subfield code="0">0</subfield>
    <subfield code="1">0</subfield>
    <subfield code="4">0</subfield>
    <subfield code="7">0</subfield>
    <subfield code="8">MS</subfield>
    <subfield code="a">BTIN</subfield>
    <subfield code="b">BTIN</subfield>
    <subfield code="d">2022-01-21</subfield>
    <subfield code="e">Patil Medical Book House</subfield>
    <subfield code="g">2995.00</subfield>
    <subfield code="i">10500</subfield>
    <subfield code="l">35</subfield>
    <subfield code="m">22</subfield>
    <subfield code="o">MS 610.7361 SHA B09681</subfield>
    <subfield code="p">BTIN-BK-9681</subfield>
    <subfield code="r">2026-01-12 09:46:58</subfield>
    <subfield code="s">2025-12-18</subfield>
    <subfield code="v">823.63</subfield>
    <subfield code="w">2019-03-29</subfield>
    <subfield code="y">BK</subfield>
    <subfield code="z">B09681</subfield>
  </datafield>
  <datafield tag="952" ind1=" " ind2=" ">
    <subfield code="0">0</subfield>
    <subfield code="1">0</subfield>
    <subfield code="4">0</subfield>
    <subfield code="7">0</subfield>
    <subfield code="8">MS</subfield>
    <subfield code="a">BTIN</subfield>
    <subfield code="b">BTIN</subfield>
    <subfield code="d">2022-01-21</subfield>
    <subfield code="e">Patil Medical Book House</subfield>
    <subfield code="g">2995.00</subfield>
    <subfield code="i">10500</subfield>
    <subfield code="l">4</subfield>
    <subfield code="m">2</subfield>
    <subfield code="o">MS 610.7361 SHA B09684</subfield>
    <subfield code="p">BTIN-BK-9684</subfield>
    <subfield code="r">2026-01-30 07:19:11</subfield>
    <subfield code="s">2026-01-29</subfield>
    <subfield code="v">823.63</subfield>
    <subfield code="w">2019-03-29</subfield>
    <subfield code="y">BK</subfield>
    <subfield code="z">B09684</subfield>
  </datafield>
</record>
